| 000 | 00365nam a2200097Ia 4500 | ||
|---|---|---|---|
| 008 | 180130s9999 xx 000 0 und d | ||
| 245 |
_cMcDermott, Richard; Archibald, Douglas _aHarnessing your staff's informal networks |
||
| 260 | _c2013 | ||
| 300 | _aBook title: HBR's 10 must reads on collaboration--Acession number C20792; pages 79-90 | ||
| 650 | _aBUSINESS NETWORKS | ||
| 999 |
_c354443 _d354443 |
||